Normal view MARC view
  • Headon, Abbie

Entry Personal Name

Number of records used in: 1

001 - CONTROL NUMBER

  • control field: 6833

003 - CONTROL NUMBER IDENTIFIER

  • control field: OSt

005 - DATE AND TIME OF LATEST TRANSACTION

  • control field: 20180808155517.0

008 - FIXED-LENGTH DATA ELEMENTS

  • fixed length control field: 180808|| aca||aabn | a|a d

040 ## - CATALOGING SOURCE

  • Original cataloging agency: OSt
  • Transcribing agency: OSt

100 ## - HEADING--PERSONAL NAME

  • Personal name: Headon, Abbie

670 ## - SOURCE DATA FOUND

  • Source citation: Work cat.: (OSt): Headon, Abbie, The Power of Yes, 2018

Powered by Koha